000 00619cab a2200205 4500
001 X3330
008 090401t1996 xxu||||| |||| 00| 0 eng d
035 _a(Sirsi) u29810
041 _aeng
245 _aEducation trust awards announced
260 _c1996
350 _a0
490 _aCSM (Chartered Surveyor Monthly)
_v5(5) February 1996, 13(1)
520 _aAnnounces titles of projects that have been awarded grants by the RICS Education Trust.
650 _aGRANTS
650 _aRICS EDUCATION TRUST
690 _aMANAGEMENT-BUSINESS MANAGEMENT-PROFESSIONAL PRACTICE
942 _n0
948 _c04/03/1997
999 _c20051
_d20051